| 000 | 00608nam a22001937a 4500 | ||
|---|---|---|---|
| 003 | OSt | ||
| 005 | 20240924062417.0 | ||
| 008 | 240924b |||||||| |||| 00| 0 eng d | ||
| 020 | _a9789710445219 | ||
| 040 |
_aDWCL-main lib. _cOC |
||
| 082 | _aFil. 530 M245p 2007 | ||
| 100 | _aMALENAB, RYAN G. | ||
| 245 |
_aPhysics and its essentials : a compendium / _cRyan G. Malenab |
||
| 260 |
_aManila : _bMindshapers Co., Inc., _cc2007. |
||
| 300 |
_axii, 122 pages : _billustrations ; _c25 cm. |
||
| 504 | _aIncludes bibliographical references. | ||
| 650 | _aPhysics | ||
| 942 |
_2ddc _cBK - FIL _kFil. 530 M245p 2007 _n1 |
||
| 999 |
_c3084 _d3084 |
||